[Event "GER-chT U20 Girls"]
[Site "Osnabrueck"]
[Date "2013.12.30"]
[Round "7.2"]
[White "Huette, Sarah"]
[Black "Reck, Jessica"]
[Result "0-1"]
[WhiteElo "1305"]
[BlackElo "1274"]
[PlyCount "98"]
[EventDate "2013.12.27"]
[EventType "team-swiss"]
[EventRounds "7"]
[EventCountry "GER"]
[SourceTitle "EXT 2015"]
[Source "ChessBase"]
[SourceDate "2014.11.20"]
[SourceVersion "1"]
[SourceVersionDate "2014.11.20"]
[SourceQuality "1"]
[WhiteTeam "Welper SV"]
[BlackTeam "Leegebruch"]
[WhiteTeamCountry "GER"]
[BlackTeamCountry "GER"]

1. d4 e6 2. Nc3 d5 3. f3 Nf6 4. Bg5 Nbd7 5. e4 Be7 6. e5 Ng8 7. Bxe7 Nxe7 8. Bd3 0-0 9. Nge2 f6 10. f4 fxe5 11. fxe5 c5 12. dxc5 Nxc5 13. Qd2 Qb6 14. 0-0-0 Bd7 15. Rhf1 Nxd3+ 16. Qxd3 Nf5 17. Rf3 Qd8 18. Qd2 Qc7 19. Qf4 Nh6 20. Qg5 Rxf3 21. gxf3 Nf7 22. Qg2 Qxe5 23. f4 Qe3+ 24. Kb1 Bc6 25. Qg4 Nh6 26. Qg5 Rf8 27. Rg1 Nf5 28. a3 h6 29. Qg4 Qf2 30. h3 Qh4 31. Qg6 Rf6 32. Qg4 Qxg4 33. hxg4 Ne3 34. Rg3 Nf1 35. Rg1 Nd2+ 36. Ka2 Nf3 37. Rg3 d4 38. Nd1 Bb5 39. Ng1 Nxg1 40. Rxg1 Rxf4 41. Kb1 Rf1 42. Rxf1 Bxf1 43. Nf2 Kf7 44. Kc1 Be2 45. Kd2 Bf3 46. Kd3 e5 47. Kc4 Kf6 48. b4 Kg5 49. a4 Bxg4 0-1

[Event "GER-chT U14 Girls"]
[Site "Arendsee"]
[Date "2011.12.30"]
[Round "7.2"]
[White "Krausse, Vanessa"]
[Black "Huette, Sarah"]
[Result "0-1"]
[WhiteElo "1228"]
[BlackElo "1055"]
[PlyCount "138"]
[EventDate "2011.12.27"]
[EventType "team-swiss"]
[EventRounds "7"]
[EventCountry "GER"]
[SourceTitle "EXT 2022"]
[Source "ChessBase"]
[SourceDate "2021.10.06"]
[SourceVersion "1"]
[SourceVersionDate "2021.10.06"]
[SourceQuality "1"]
[WhiteTeam "Bad Hersfeld U14 Girls"]
[BlackTeam "Welper SV U14 Girls"]
[WhiteTeamCountry "GER"]
[BlackTeamCountry "GER"]

1. e4 g6 2. Nf3 Bg7 3. Nc3 c6 4. Bc4 d6 5. Ng5 e6 6. d4 d5 7. exd5 cxd5 8. Bb5+ Nd7 9. 0-0 h5 10. Qf3 Qe7 11. Bd2 Nh6 12. Nxd5 Qd8 13. Nf6+ Bxf6 14. Ne4 Nf5 15. h3 Kf8 16. Bxd7 Bxd7 17. g4 Nxd4 18. Qxf6 Qxf6 19. Nxf6 Nf3+ 20. Kg2 Nxd2 21. Nxd7+ Ke7 22. Rfd1 Rad8 23. Rxd2 Rxd7 24. Re2 hxg4 25. hxg4 Rhd8 26. Re3 Rd1 27. Rxd1 Rxd1 28. Rb3 b6 29. Ra3 a5 30. Rb3 Rd2 31. c3 Rd6 32. Rb5 Kd7 33. b4 a4 34. c4 Kc7 35. Kf3 Rd4 36. c5 bxc5 37. bxc5 Rc4 38. Ra5 Kc6 39. Ra7 f5 40. gxf5 gxf5 41. Re7 Kd5 42. Rd7+ Kxc5 43. Rc7+ Kd5 44. Rd7+ Ke5 45. Rd3 Kf6 46. Rd6 Rc2 47. Ra6 Rxa2 48. Kg3 Ke5 49. Kf3 Ra3+ 50. Kg2 f4 51. f3 Kf5 52. Ra5+ e5 53. Ra8 Ra2+ 54. Kf1 Ke6 55. Re8+ Kd5 56. Rd8+ Kc4 57. Rd1 a3 58. Rc1+ Kd4 59. Re1 Rb2 60. Re4+ Kd5 61. Ra4 a2 62. Ra5+ Kd4 63. Ra4+ Kc3 64. Ra3+ Kc4 65. Ra4+ Kb3 66. Ra8 Kc3 67. Ra3+ Kc2 68. Ra8 Kb1 69. Rd8 a1Q 0-1

[Event "GER-chT U14 Girls"]
[Site "Arendsee"]
[Date "2011.12.28"]
[Round "3.2"]
[White "Romanova, Alena"]
[Black "Huette, Sarah"]
[Result "1-0"]
[WhiteElo "1509"]
[BlackElo "1055"]
[PlyCount "79"]
[EventDate "2011.12.27"]
[EventType "team-swiss"]
[EventRounds "7"]
[EventCountry "GER"]
[SourceTitle "EXT 2022"]
[Source "ChessBase"]
[SourceDate "2021.10.06"]
[SourceVersion "1"]
[SourceVersionDate "2021.10.06"]
[SourceQuality "1"]
[WhiteTeam "Karlsruhe SF U14 Girls"]
[BlackTeam "Welper SV U14 Girls"]
[WhiteTeamCountry "GER"]
[BlackTeamCountry "GER"]

1. e4 g6 2. d4 Bg7 3. Nf3 c6 4. Bf4 d5 5. Nc3 Bg4 6. exd5 cxd5 7. Nb5 Na6 8. Be2 Bxf3 9. Bxf3 Qa5+ 10. Nc3 Qb4 11. Qd3 Bxd4 12. Bd2 e6 13. 0-0 Be5 14. Rfe1 Qd4 15. Qxd4 Bxd4 16. Bxd5 Rb8 17. Bf4 e5 18. Bxe5 Bxe5 19. Rxe5+ Kf8 20. a3 Nf6 21. Bc4 Nc7 22. Rae1 Kg7 23. Re7 Rbc8 24. Rxf7+ Kh6 25. Rxf6 Ne8 26. Rf4 Rc7 27. Bd3 Nd6 28. Rf6 Ne8 29. Rfe6 Ng7 30. Re7 Rxe7 31. Rxe7 Nf5 32. Rxb7 Re8 33. Kf1 a5 34. Bxf5 gxf5 35. Rb5 Kg6 36. Rxa5 Rd8 37. Rd5 Rb8 38. b4 Rc8 39. Rc5 Rb8 40. Nd5 1-0

[Event "GER-chT U14 Girls"]
[Site "Gross Doelln"]
[Date "2010.12.28"]
[Round "4.2"]
[White "Simon, Tessa"]
[Black "Huette, Sarah"]
[Result "1/2-1/2"]
[WhiteElo "1241"]
[BlackElo "889"]
[PlyCount "61"]
[EventDate "2010.12.27"]
[EventType "team-swiss"]
[EventRounds "7"]
[EventCountry "GER"]
[SourceTitle "CBM 140 Extra"]
[Source "ChessBase"]
[SourceDate "2011.03.01"]
[SourceVersion "1"]
[SourceVersionDate "2011.03.01"]
[SourceQuality "1"]
[WhiteTeam "Muldental Wilkau Hasslau"]
[BlackTeam "Welper SV"]
[WhiteTeamCountry "GER"]
[BlackTeamCountry "GER"]

1. e4 g6 2. d4 Bg7 3. Nf3 c6 4. Nc3 d5 5. e5 h5 6. Be2 Bg4 7. 0-0 e6 8. Be3 Ne7 9. Qd2 Nf5 10. Bf4 Nd7 11. Rad1 Qb6 12. b3 0-0 13. Na4 Qc7 14. Rfe1 Nb6 15. Nc5 Rfe8 16. h3 Bxf3 17. Bxf3 Nd7 18. Na4 b5 19. Nb2 Qb7 20. c4 bxc4 21. bxc4 Rab8 22. Rb1 Qa6 23. cxd5 cxd5 24. a4 Qb6 25. Be3 Rec8 26. a5 Qc7 27. Be2 Qc2 28. Rec1 Qxd2 29. Rxc8+ Rxc8 30. Bxd2 Rc2 31. Bb5 1/2-1/2